000 00654nam a2200205Ia 4500
005 20250508160525.0
008 008 250505s9999 xx 000 0 eng d
037 _aTextual
040 _aFEDL
_beng
_cFEDL
041 _aeng
_2eng
084 _a301.295412, VID
_qFEDL
100 _aVidyarthi L. P.
245 0 _aCultural configuration of Ranchi : Survey of an emerging industrial city of Tribal India (1960 - 62)
260 _aCalcutta, India
_bJ. N. Basu and Co.
_c1968
300 _ax,412p.
650 _aSociology
700 _a Lal R. B. Sen S. N.
_9768703
942 _cTEXL
_h301.295412, VID
999 _c1365147
_d1365147